000 00669cam a2200193 a 4500
001 000009566
005 20200929161627.0
008 750515s1964 pr b 000 0 spa
040 _aDO-SdBNP
_cPPT
_dOCoLC
_dCNE
_dDLC
050 0 0 _aPQ7439.L3
_bR38
082 _ann
_bL181M
100 1 _aMorfi, Angelina.
_924403
245 1 0 _aEnrique A. Laguerre y su obra "La resaca" :
_bcumbre en su arte de novelar.
260 _aSan Juan, (Puerto Rico :
_bInstituto de Cultura Puertorriqueña,
_c1964.
300 _a194 p. ;
_c23 cm.
504 _aBibliografía: p. [177]-189.
600 1 0 _aLaguerre, Enrique A.
_tLa resaca.
_d1906-2005
_924404
910 _aCatalogación por copia / LC
999 _c9326
_d9326